Statistiques concernant Pays ou le Néerlandais est la langue officielle :

Cliquez ici pour prendre le quiz!

Statistiques générales

  • Ce quiz a été pris 71 fois
  • Le résultat moyen est 4 sur 5

Statistiques - réponses

HintRéponse% Correct
4 :Pays-Bas
100%
2 :Belgique
88%
5 :Suriname
83%
3 :Indonésie
46%
1 :Afrique Du Sud
45%

Distribution des résultats

Percentile par nombre de réponses

% des personnes avec chaque résultat

Votre développement - résultats

Vous n’avez pas pris ce quiz